[Event "Sales Oliveira Graton Squarizi Memorial"]
[Site "Sales Oliveira"]
[Date "2022.06.10"]
[Round "5"]
[White "Rodi, Luis Ernesto"]
[Black "Born, Carlos Rodrigo"]
[Result "1-0"]
[WhiteElo "2351"]
[BlackElo "2292"]
[PlyCount "135"]
[EventDate "2022.06.07"]
[EventType "tourn"]
[EventRounds "9"]
[EventCountry "BRA"]
[EventCategory "9"]
[SourceTitle "CBM 208 Extra"]
[Source "ChessBase"]
[SourceDate "2022.07.31"]
[SourceVersion "1"]
[SourceVersionDate "2022.07.31"]
[SourceQuality "1"]

1. e4 c5 2. Nc3 d6 3. d4 cxd4 4. Qxd4 Nc6 5. Qd2 Nf6 6. b3 a6 7. Bb2 e5 8. 0-0-0 Be7 9. f3 h5 10. Kb1 Qa5 11. g3 Be6 12. Nh3 0-0-0 13. Ng5 d5 14. Nxe6 fxe6 15. exd5 exd5 16. Ne2 Qc7 17. Bh3+ Kb8 18. Bf5 d4 19. f4 Nd5 20. Be4 Bf6 21. fxe5 Bxe5 22. Bxd5 Rxd5 23. Rhf1 h4 24. Nf4 Rd6 25. Ba3 Rf6 26. Nd5 Rxf1 27. Rxf1 Qd8 28. Nf4 Qg5 29. Qe1 hxg3 30. hxg3 Qg4 31. Rg1 Bc7 32. Nd5 Be5 33. Ne7 Bc7 34. Nxc6+ bxc6 35. Qb4+ Kc8 36. Qc4 Kb7 37. Bc5 Rd8 38. a4 Qg6 39. Bxd4 Qe4 40. Qb4+ Kc8 41. Bc5 Qxb4 42. Bxb4 Rd4 43. Bc3 Rg4 44. Be1 Re4 45. Kc1 Kd7 46. Kd1 Be5 47. Bf2 Bc3 48. Be1 Be5 49. Rf1 Bf6 50. Rf3 c5 51. Bc3 Bxc3 52. Rxc3 Kc6 53. Kd2 Rg4 54. Ke2 a5 55. Kf3 Rg6 56. Rc4 Kd5 57. Kf4 Rf6+ 58. Kg5 Rf3 59. g4 Rf6 60. Rf4 Rxf4 61. Kxf4 c4 62. Kf5 Kd4 63. g5 c3 64. Kf4 g6 65. Kf3 Ke5 66. Ke3 Kf5 67. Kd3 Kxg5 68. b4 1-0

[Event "Titled Tuesday intern op 28th Apr"]
[Site "Chess.com INT"]
[Date "2020.04.28"]
[Round "7"]
[White "Rosner, Jonas"]
[Black "Born, Carlos Rodrigo"]
[Result "0-1"]
[WhiteElo "2433"]
[BlackElo "2292"]
[PlyCount "88"]
[EventDate "2020.04.28"]
[EventType "swiss (blitz)"]
[EventRounds "10"]
[EventCountry "USA"]
[SourceTitle "EXT 2021"]
[Source "ChessBase"]
[SourceDate "2020.10.23"]
[SourceVersion "1"]
[SourceVersionDate "2020.10.23"]
[SourceQuality "1"]

1. d4 Nf6 2. Nf3 e6 3. g3 b6 4. Bg2 Bb7 5. 0-0 d6 6. c4 Nbd7 7. d5 e5 8. Nc3 Be7 9. e4 0-0 10. Ne1 c6 11. Nd3 cxd5 12. cxd5 Rc8 13. Be3 Ba6 14. Re1 Bxd3 15. Qxd3 Nc5 16. Qd2 Qd7 17. f3 Rc7 18. Bf1 a6 19. Rec1 b5 20. b4 Nb7 21. a4 bxa4 22. Bxa6 Ra8 23. Bb5 Qc8 24. Nxa4 Rxc1+ 25. Rxc1 Qb8 26. Bc6 Bd8 27. Nb6 Ra3 28. Nc4 Rb3 29. b5 h6 30. b6 Kh7 31. Qc2 Rxe3 32. Nxe3 Bxb6 33. Qb3 Qa7 34. Re1 Nc5 35. Qc3 Ncxe4 36. fxe4 Ng4 37. Kg2 Nxe3+ 38. Kh1 Bd4 39. Qd3 Qa2 40. Qe2 Qb3 41. Qf3 Qd3 42. Ra1 f6 43. Ra8 Qd2 44. Bd7 Qe1+ 0-1

[Event "PRO League Stage"]
[Site "Chess.com INT"]
[Date "2020.01.29"]
[Round "4"]
[White "Flores, Diego"]
[Black "Born, Carlos Rodrigo"]
[Result "1-0"]
[WhiteElo "2599"]
[BlackElo "2292"]
[PlyCount "123"]
[EventDate "2020.01.06"]
[EventType "team-swiss (rapid)"]
[EventRounds "7"]
[EventCountry "USA"]
[SourceTitle "CBM 194 Extra"]
[Source "ChessBase"]
[SourceDate "2020.03.31"]
[SourceVersion "1"]
[SourceVersionDate "2020.03.31"]
[SourceQuality "1"]
[WhiteTeam "Argentina Krakens"]
[BlackTeam "Brazil Capybaras"]
[WhiteTeamCountry "ARG"]
[BlackTeamCountry "BRA"]

1. c4 Nf6 2. Nc3 g6 3. e4 e5 4. g3 Bg7 5. Bg2 0-0 6. Nge2 d6 7. d3 Nc6 8. 0-0 Nd7 9. f4 exf4 10. gxf4 f5 11. Be3 Kh8 12. Qd2 Nf6 13. h3 Nh5 14. Nd5 Ne7 15. Kh2 c6 16. Ndc3 Ng8 17. c5 dxc5 18. Bxc5 Re8 19. e5 Nh6 20. Bf2 g5 21. d4 c5 22. fxg5 Nf7 23. Bf3 Bxe5+ 24. Kh1 Ng7 25. h4 Rb8 26. Rad1 cxd4 27. Nxd4 Bd7 28. Rfe1 a6 29. Bd5 Nd6 30. Nf3 Bxc3 31. Qxc3 Rxe1+ 32. Qxe1 Ne4 33. Bxe4 fxe4 34. Ne5 Qe7 35. Nxd7 Rd8 36. Qc3 e3 37. Qxe3 Rxd7 38. Rxd7 Qxd7 39. Qd4 Qc6+ 40. Kh2 Kg8 41. Bg3 Qc1 42. Qd5+ Kf8 43. Bd6+ Ke8 44. Qe5+ Kd7 45. Qe7+ Kc8 46. Qf8+ Kd7 47. Qe7+ Kc8 48. Bg3 Qc2+ 49. Kh3 Qf5+ 50. Kg2 Qc2+ 51. Kg1 Qd1+ 52. Qe1 Qd4+ 53. Kh1 Qd5+ 54. Kh2 Ne6 55. Qc3+ Kd7 56. Qb3 Qd2+ 57. Kh3 b5 58. Qf3 Qc2 59. Qf7+ Kd8 60. Qxe6 Qxb2 61. h5 Qe2 62. Qxe2 1-0

[Event "Buenos Aires Vicente Lopez Cup 19th"]
[Site "Buenos Aires"]
[Date "2017.08.17"]
[Round "4"]
[White "Tempone, Marcelo"]
[Black "Born, Carlos Rodrigo"]
[Result "1/2-1/2"]
[WhiteElo "2406"]
[BlackElo "2237"]
[PlyCount "89"]
[EventDate "2017.08.14"]
[EventType "tourn"]
[EventRounds "9"]
[EventCountry "ARG"]
[EventCategory "2"]
[SourceTitle "CBM 180 Extra"]
[Source "ChessBase"]
[SourceDate "2017.10.06"]
[SourceVersion "1"]
[SourceVersionDate "2017.10.06"]
[SourceQuality "1"]

1. d4 Nf6 2. Nf3 g6 3. Bf4 Bg7 4. e3 0-0 5. h3 d6 6. Be2 Nfd7 7. Bh2 e5 8. c4 Nc6 9. Nc3 Kh8 10. 0-0 f5 11. Rc1 f4 12. dxe5 dxe5 13. Ne4 Qe7 14. Bd3 Bh6 15. exf4 exf4 16. Re1 Nde5 17. Ned2 Rd8 18. Be4 Nxf3+ 19. Qxf3 Nd4 20. Qd1 Qf6 21. Nf3 c6 22. Nxd4 Rxd4 23. Qe2 Bd7 24. Rcd1 Re8 25. f3 Bf5 26. Rxd4 Qxd4+ 27. Qf2 Qxc4 28. Bxf5 Rxe1+ 29. Qxe1 Qc5+ 30. Kh1 Qxf5 31. Qe7 Bf8 32. Qe8 Kg7 33. Bg1 c5 34. Qb8 Qf7 35. Qxa7 Qc7 36. b3 Bd6 37. Qa4 b6 38. Qb5 Be5 39. Qd3 Qd6 40. Qe4 Bd4 41. Bh2 Be5 42. Qe2 Qd4 43. Bg1 Qd6 44. Bf2 Bd4 45. Kh2 1/2-1/2

[Event "Buenos Aires Vicente Lopez Cup 19th"]
[Site "Buenos Aires"]
[Date "2017.08.15"]
[Round "2"]
[White "Ocantos, Manuel"]
[Black "Born, Carlos Rodrigo"]
[Result "0-1"]
[WhiteElo "2169"]
[BlackElo "2237"]
[PlyCount "54"]
[EventDate "2017.08.14"]
[EventType "tourn"]
[EventRounds "9"]
[EventCountry "ARG"]
[EventCategory "2"]
[SourceTitle "CBM 180 Extra"]
[Source "ChessBase"]
[SourceDate "2017.10.06"]
[SourceVersion "1"]
[SourceVersionDate "2017.10.06"]
[SourceQuality "1"]

1. d4 Nf6 2. c4 g6 3. Nc3 Bg7 4. e4 d6 5. Nf3 0-0 6. Be2 e5 7. 0-0 exd4 8. Nxd4 Re8 9. f3 c6 10. Kh1 Nbd7 11. Bg5 Qa5 12. Qd2 Nxe4 13. fxe4 Bxd4 14. Qxd4 Qxg5 15. Qxd6 Qc5 16. Qf4 Ne5 17. Rad1 Qe7 18. Qh6 Be6 19. Rf4 f6 20. Rdf1 Rf8 21. Qh4 Bxc4 22. Bxc4+ Nxc4 23. Rxf6 Rxf6 24. Qxf6 Qxf6 25. Rxf6 Nxb2 26. e5 Nc4 27. h4 Nxe5 0-1

[Event "Buenos Aires Vicente Lopez Cup 19th"]
[Site "Buenos Aires"]
[Date "2017.08.14"]
[Round "1"]
[White "Born, Carlos Rodrigo"]
[Black "Aguilar, Andres"]
[Result "1/2-1/2"]
[WhiteElo "2237"]
[BlackElo "2331"]
[PlyCount "94"]
[EventDate "2017.08.14"]
[EventType "tourn"]
[EventRounds "9"]
[EventCountry "ARG"]
[EventCategory "2"]
[SourceTitle "CBM 180 Extra"]
[Source "ChessBase"]
[SourceDate "2017.10.06"]
[SourceVersion "1"]
[SourceVersionDate "2017.10.06"]
[SourceQuality "1"]

1. e4 c5 2. Nf3 Nc6 3. d4 cxd4 4. Nxd4 Nf6 5. Nc3 d6 6. Bg5 e6 7. Qd2 a6 8. 0-0-0 h6 9. Be3 Nxd4 10. Bxd4 b5 11. f3 Be7 12. Kb1 Rb8 13. e5 dxe5 14. Bxe5 Qxd2 15. Rxd2 Ra8 16. Be2 Bb7 17. Rhd1 Bc6 18. a3 0-0 19. Bd6 Bxd6 20. Rxd6 Rfc8 21. Bd3 Nd5 22. Nxd5 Bxd5 23. a4 Rcb8 24. axb5 axb5 25. b3 Rb7 26. Kb2 Kf8 27. Ra1 Rxa1 28. Kxa1 Ke7 29. Ra6 b4 30. Kb2 g5 31. Kc1 f5 32. Kd2 Kf6 33. Ra8 h5 34. Ke3 h4 35. Rf8+ Kg7 36. Rc8 h3 37. gxh3 Kf6 38. h4 Rh7 39. hxg5+ Kxg5 40. f4+ Kf6 41. Rb8 Rh3+ 42. Kd2 Rxh2+ 43. Kc1 Rh4 44. Rxb4 Be4 45. Rc4 Rxf4 46. b4 Ke5 47. Bxe4 Rxe4 1/2-1/2

[Event "Florianopolis zt 2.4"]
[Site "Florianopolis"]
[Date "2017.04.28"]
[Round "4"]
[White "Born, Carlos Rodrigo"]
[Black "Matsuura, Everaldo"]
[Result "0-1"]
[WhiteElo "2197"]
[BlackElo "2481"]
[PlyCount "74"]
[EventDate "2017.04.26"]
[EventType "swiss"]
[EventRounds "9"]
[EventCountry "BRA"]
[SourceTitle "CBM 178 Extra"]
[Source "ChessBase"]
[SourceDate "2017.06.22"]
[SourceVersion "1"]
[SourceVersionDate "2017.06.22"]
[SourceQuality "1"]

1. e4 c5 2. Nf3 Nc6 3. d4 cxd4 4. Nxd4 Nf6 5. Nc3 d6 6. Bg5 e6 7. Qd2 Be7 8. 0-0-0 0-0 9. f3 Nxd4 10. Qxd4 a6 11. Kb1 Qc7 12. g4 b5 13. h4 Bb7 14. Bd3 b4 15. Ne2 d5 16. exd5 Bxd5 17. Qe3 Bc5 18. Qd2 Nd7 19. Rhf1 Ne5 20. Be4 Bxe4 21. fxe4 Nxg4 22. Nc1 f6 23. Bf4 e5 24. Qg2 h5 25. Bd2 a5 26. Rf5 g6 27. Rf3 Rac8 28. Rg3 Bf2 29. Rxg4 Qxc2+ 30. Ka1 hxg4 31. Nd3 Bd4 32. Qxg4 Kh7 33. h5 g5 34. h6 Kh8 35. Qf3 a4 36. Qf1 a3 37. Bc1 axb2+ 0-1

[Event "Florianopolis zt 2.4"]
[Site "Florianopolis"]
[Date "2017.04.26"]
[Round "1"]
[White "Born, Carlos Rodrigo"]
[Black "Farias, Edilsom"]
[Result "1/2-1/2"]
[WhiteElo "2197"]
[BlackElo "1845"]
[PlyCount "151"]
[EventDate "2017.04.26"]
[EventType "swiss"]
[EventRounds "9"]
[EventCountry "BRA"]
[SourceTitle "CBM 178 Extra"]
[Source "ChessBase"]
[SourceDate "2017.06.22"]
[SourceVersion "1"]
[SourceVersionDate "2017.06.22"]
[SourceQuality "1"]

1. e4 e5 2. Nf3 Nc6 3. Bb5 a6 4. Ba4 Nf6 5. Bxc6 dxc6 6. 0-0 Qd6 7. Re1 Bg4 8. d3 Be7 9. Nbd2 b5 10. h3 Bh5 11. b3 Nd7 12. Bb2 c5 13. Nf1 Bg6 14. a4 0-0 15. Ne3 c6 16. Ng4 f6 17. Nh4 Nb6 18. Ne3 Qd7 19. Qf3 Qe6 20. Qg3 Qf7 21. Nef5 Rfe8 22. f4 exf4 23. Qxf4 Bf8 24. Rf1 Nd7 25. Nd6 Bxd6 26. Qxd6 Qe6 27. Qg3 Ne5 28. Bxe5 Qxe5 29. Qxe5 Rxe5 30. axb5 cxb5 31. Ra5 Re6 32. Rfa1 Rb6 33. Kf2 Bf7 34. Ke3 g6 35. c4 Be8 36. Nf3 Bc6 37. Nd2 Bb7 38. cxb5 Rxb5 39. Rxb5 axb5 40. Rc1 Rc8 41. Nb1 b4 42. Nd2 Kf7 43. Nc4 Ke7 44. Nb6 Rc6 45. Nd5+ Ke6 46. Ra1 Rd6 47. Nf4+ Ke7 48. Ra7 Rd7 49. g4 Kd6 50. h4 Kc6 51. Nd5 Rf7 52. g5 fxg5 53. hxg5 Rf1 54. Ra2 Kd6 55. Nf6 Rb1 56. Rh2 Rxb3 57. Rxh7 Ba6 58. Ne8+ Kc6 59. Rc7+ Kb6 60. Rd7 c4 61. Rd6+ Kb7 62. Rxg6 Rxd3+ 63. Kf4 c3 64. Rg7+ Kc8 65. g6 Kd8 66. Rc7 Rd1 67. Kf3 Be2+ 68. Ke3 Bf1 69. Rb7 Re1+ 70. Kd4 c2 71. g7 c1Q 72. Rb8+ Ke7 73. Rb7+ Kd8 74. Rb8+ Ke7 75. Rb7+ Kd8 76. Rb8+ 1/2-1/2

[Event "Buenos Aires Vicente Lopez Cup"]
[Site "Buenos Aires"]
[Date "2016.08.10"]
[Round "7"]
[White "Born, Carlos Rodrigo"]
[Black "Tempone, Marcelo"]
[Result "0-1"]
[WhiteElo "2205"]
[BlackElo "2366"]
[PlyCount "84"]
[EventDate "2016.08.06"]
[EventType "tourn"]
[EventRounds "9"]
[EventCountry "ARG"]
[EventCategory "3"]
[SourceTitle "CBM 174 Extra"]
[Source "ChessBase"]
[SourceDate "2016.10.10"]
[SourceVersion "1"]
[SourceVersionDate "2016.10.10"]
[SourceQuality "1"]

1. e4 d6 2. d4 Nf6 3. Nc3 Nbd7 4. Be3 e5 5. h3 c6 6. Nf3 b5 7. a3 Bb7 8. Be2 Be7 9. 0-0 0-0 10. Nd2 a6 11. Bd3 Re8 12. Re1 Bf8 13. dxe5 dxe5 14. Be2 Nc5 15. Bf3 Ne6 16. g3 Qc7 17. Bg2 Rad8 18. Qc1 h6 19. Ne2 c5 20. a4 Bc6 21. axb5 axb5 22. f3 Ra8 23. Nf1 c4 24. Kh2 Bb7 25. Rd1 Bc5 26. Rxa8 Rxa8 27. h4 Qb6 28. Bxc5 Qxc5 29. Ne3 Bxe4 30. Nc3 Bc6 31. Re1 Nd4 32. Ne4 Nxf3+ 33. Bxf3 Bxe4 34. Rf1 Rd8 35. Be2 Qd6 36. Rd1 Qb6 37. Rf1 Bg6 38. Bf3 h5 39. Rf2 e4 40. Be2 Nd5 41. Nd1 e3 42. Rf1 Qd4 0-1

[Event "Buenos Aires Vicente Lopez Cup"]
[Site "Buenos Aires"]
[Date "2016.08.10"]
[Round "6"]
[White "Trois, Francisco R Torres"]
[Black "Born, Carlos Rodrigo"]
[Result "1/2-1/2"]
[WhiteElo "2222"]
[BlackElo "2205"]
[PlyCount "45"]
[EventDate "2016.08.06"]
[EventType "tourn"]
[EventRounds "9"]
[EventCountry "ARG"]
[EventCategory "3"]
[SourceTitle "CBM 174 Extra"]
[Source "ChessBase"]
[SourceDate "2016.10.10"]
[SourceVersion "1"]
[SourceVersionDate "2016.10.10"]
[SourceQuality "1"]

1. Nf3 g6 2. d4 Bg7 3. g3 c5 4. c3 Qc7 5. Bg2 Nf6 6. 0-0 0-0 7. Re1 d6 8. e4 Nfd7 9. Nbd2 cxd4 10. cxd4 Nc6 11. Nb3 Nb4 12. Bd2 Nd3 13. Ba5 b6 14. Bxb6 Qxb6 15. Qxd3 a5 16. Qd2 Bb7 17. d5 a4 18. Nbd4 Ne5 19. Nxe5 Bxe5 20. Rad1 Rfc8 21. Bf1 Rc5 22. b4 axb3 23. axb3 1/2-1/2

[Event "Buenos Aires Vicente Lopez Cup"]
[Site "Buenos Aires"]
[Date "2016.08.08"]
[Round "4"]
[White "Saldano Dayer, Horacio"]
[Black "Born, Carlos Rodrigo"]
[Result "1-0"]
[WhiteElo "2431"]
[BlackElo "2205"]
[PlyCount "53"]
[EventDate "2016.08.06"]
[EventType "tourn"]
[EventRounds "9"]
[EventCountry "ARG"]
[EventCategory "3"]
[SourceTitle "CBM 174 Extra"]
[Source "ChessBase"]
[SourceDate "2016.10.10"]
[SourceVersion "1"]
[SourceVersionDate "2016.10.10"]
[SourceQuality "1"]

1. d4 Nf6 2. Bg5 e6 3. Nd2 h6 4. Bh4 c5 5. e4 cxd4 6. e5 g5 7. Bg3 Nd5 8. h4 g4 9. Bc4 Qa5 10. Qxg4 Ne3 11. fxe3 dxe3 12. 0-0-0 exd2+ 13. Rxd2 b5 14. Bb3 Bb7 15. Nf3 Nc6 16. Qf4 0-0-0 17. Rhd1 Bc5 18. Bf2 Qb6 19. Bxc5 Qxc5 20. Qxf7 Qe7 21. Qf4 a6 22. Rd6 Qg7 23. R1d2 Rhf8 24. Qe3 Kc7 25. a4 Rf5 26. Qc5 bxa4 27. Bxe6 1-0

[Event "Buenos Aires Vicente Lopez Cup"]
[Site "Buenos Aires"]
[Date "2016.08.07"]
[Round "2"]
[White "Gaitan, Juan Manuel"]
[Black "Born, Carlos Rodrigo"]
[Result "1-0"]
[WhiteElo "2330"]
[BlackElo "2205"]
[PlyCount "109"]
[EventDate "2016.08.06"]
[EventType "tourn"]
[EventRounds "9"]
[EventCountry "ARG"]
[EventCategory "3"]
[SourceTitle "CBM 174 Extra"]
[Source "ChessBase"]
[SourceDate "2016.10.10"]
[SourceVersion "1"]
[SourceVersionDate "2016.10.10"]
[SourceQuality "1"]

1. d4 Nf6 2. c4 e6 3. Nf3 d5 4. g3 c5 5. cxd5 exd5 6. Bg2 Nc6 7. 0-0 h6 8. Nc3 Be7 9. dxc5 Bxc5 10. Na4 Be7 11. b3 0-0 12. Bb2 Ne4 13. Rc1 Re8 14. a3 Bg4 15. Re1 Rc8 16. b4 Bf8 17. Nd4 Bd7 18. Nc3 Ne5 19. Nxd5 Nc4 20. Ba1 Qg5 21. Nf3 Qf5 22. Rxc4 Rxc4 23. Ne3 Nc3 24. Qd2 Rxe3 25. Qxe3 Nb5 26. Ne5 Rc7 27. Be4 Qe6 28. Qf3 Be8 29. Bd5 Qc8 30. Bb2 Nd6 31. e4 Rc2 32. Bd4 Rc1 33. Rxc1 Qxc1+ 34. Kg2 b6 35. Qb3 Qc7 36. a4 Nb7 37. Ng6 Bd6 38. e5 Bf8 39. e6 Bc6 40. Ne5 Bxd5+ 41. Qxd5 Nd8 42. exf7+ Nxf7 43. b5 Qe7 44. Kf3 g5 45. Ke4 Qf6 46. Qxf7+ Qxf7 47. Nxf7 Kxf7 48. Be5 Ke6 49. Bb8 Kd7 50. f4 gxf4 51. gxf4 Ba3 52. Kf5 Kc8 53. Be5 Kd7 54. Kg6 Bf8 55. f5 1-0

[Event "Florianopolis op"]
[Site "Florianopolis"]
[Date "2015.01.16"]
[Round "5"]
[White "Born, Carlos Rodrigo"]
[Black "Fontoura, Alexandre Souza"]
[Result "1-0"]
[WhiteElo "2199"]
[BlackElo "1990"]
[PlyCount "48"]
[EventDate "2015.01.14"]
[EventType "swiss"]
[EventRounds "10"]
[EventCountry "BRA"]
[SourceTitle "CBM 164 Extra"]
[Source "ChessBase"]
[SourceDate "2015.03.02"]
[SourceVersion "1"]
[SourceVersionDate "2015.03.02"]
[SourceQuality "1"]

1. e4 e5 2. Nf3 Qe7 3. Nc3 c6 4. Bc4 g6 5. 0-0 Bg7 6. Bb3 Nf6 7. d4 d6 8. h3 h6 9. d5 c5 10. Ne1 0-0 11. Bc4 a6 12. a4 b6 13. Be2 Ne8 14. Be3 f5 15. exf5 gxf5 16. f4 Nd7 17. Nd3 Bb7 18. Qd2 e4 19. Nf2 Nef6 20. Nfd1 Qf7 21. Bf2 Nxd5 22. Bc4 Bxc3 23. Nxc3 N7f6 24. Rfd1 e3 1-0

[Event "Florianopolis op"]
[Site "Florianopolis"]
[Date "2015.01.16"]
[Round "6"]
[White "Di Berardino, Diego Rafael"]
[Black "Born, Carlos Rodrigo"]
[Result "1-0"]
[WhiteElo "2484"]
[BlackElo "2199"]
[PlyCount "61"]
[EventDate "2015.01.14"]
[EventType "swiss"]
[EventRounds "10"]
[EventCountry "BRA"]
[SourceTitle "CBM 164 Extra"]
[Source "ChessBase"]
[SourceDate "2015.03.02"]
[SourceVersion "1"]
[SourceVersionDate "2015.03.02"]
[SourceQuality "1"]

1. e4 c5 2. Nf3 d6 3. d4 cxd4 4. Nxd4 Nf6 5. Nc3 a6 6. Be2 e6 7. 0-0 Be7 8. f4 Qc7 9. Kh1 Nc6 10. Be3 Bd7 11. Qe1 Nxd4 12. Bxd4 e5 13. fxe5 dxe5 14. Qg3 Bc6 15. Bd3 Nh5 16. Qxe5 Qxe5 17. Bxe5 f6 18. Bd4 Bd6 19. Ne2 Bd7 20. Be3 Rc8 21. Nd4 Be5 22. c3 0-0 23. Nf5 Kh8 24. Ne7 Rce8 25. Nd5 Bc6 26. Rad1 Rf7 27. Be2 g6 28. Bxh5 gxh5 29. Rg1 f5 30. Bf4 Bxf4 31. Nxf4 1-0

[Event "Caxias do Sul op 12th"]
[Site "Caxias do Sul"]
[Date "2012.03.04"]
[Round "9"]
[White "Stamenkovic, Dragan"]
[Black "Born, Carlos Rodrigo"]
[Result "0-1"]
[WhiteElo "2383"]
[BlackElo "2199"]
[PlyCount "69"]
[EventDate "2012.03.03"]
[EventType "swiss (rapid)"]
[EventRounds "9"]
[EventCountry "BRA"]
[SourceTitle "CBM 147 Extra"]
[Source "ChessBase"]
[SourceDate "2012.04.24"]
[SourceVersion "1"]
[SourceVersionDate "2012.04.24"]
[SourceQuality "1"]

1. d4 g6 2. e4 Bg7 3. Nc3 d6 4. Be3 Nf6 5. f3 0-0 6. Qd2 e5 7. Nge2 Re8 8. 0-0-0 exd4 9. Nxd4 Nc6 10. g4 Nxd4 11. Bxd4 Be6 12. h4 c5 13. Bf2 Qa5 14. a3 Red8 15. g5 Ne8 16. Nd5 Qa4 17. h5 Qd7 18. Bg3 Bxd5 19. Qxd5 Qe7 20. hxg6 hxg6 21. Qd2 b5 22. f4 c4 23. c3 b4 24. Bxc4 bxc3 25. Qd3 Rab8 26. b4 a5 27. e5 d5 28. Bb3 axb4 29. a4 Nc7 30. Kc2 Qe6 31. Bf2 Qg4 32. Rh4 Qg2 33. Qe3 Ne6 34. Qg3 Qxg3 35. Bxg3 0-1

[Event "Braco do NorteTSC"]
[Site "Braco do Norte"]
[Date "2008.08.??"]
[Round "7"]
[White "Born, Carlos Rodrigo"]
[Black "Disconzi da Silva, Rodrigo"]
[Result "1-0"]
[WhiteElo "2215"]
[BlackElo "2352"]
[PlyCount "70"]
[EventDate "2008.08.??"]
[EventType "swiss"]
[EventRounds "7"]
[EventCountry "BRA"]
[SourceTitle "EXT 2022"]
[Source "ChessBase"]
[SourceDate "2021.10.06"]
[SourceVersion "1"]
[SourceVersionDate "2021.10.06"]
[SourceQuality "1"]

1. e4 c5 2. Nf3 e6 3. d4 cxd4 4. Nxd4 Nc6 5. Nc3 Qc7 6. Be2 a6 7. 0-0 Nf6 8. a3 Be7 9. Be3 0-0 10. Kh1 d6 11. f4 Bd7 12. Bd3 Nxd4 13. Bxd4 e5 14. Bg1 exf4 15. Rxf4 d5 16. Rh4 dxe4 17. Bxe4 Nxe4 18. Rxe4 Bc6 19. Nd5 Bxd5 20. Qxd5 Rad8 21. Qb3 Rd2 22. Be3 Rxc2 23. Rxe7 Qxe7 24. Qxc2 Qxe3 25. Rd1 Re8 26. h3 h5 27. Rf1 h4 28. Qc4 Qe7 29. Rf4 b5 30. Qf1 g6 31. a4 bxa4 32. Qxa6 Qe1+ 33. Rf1 Qb4 34. Qf6 Qc4 35. Rd1 Qe2 1-0

[Event "Vicente Lopez ITT"]
[Site "Vicente Lopez"]
[Date "2007.08.01"]
[Round "8"]
[White "Born, Carlos Rodrigo"]
[Black "Fusco, Leonardo"]
[Result "0-1"]
[WhiteElo "2202"]
[BlackElo "2332"]
[PlyCount "85"]
[EventDate "2007.07.23"]
[EventType "tourn"]
[EventRounds "11"]
[EventCountry "ARG"]
[EventCategory "3"]
[SourceTitle "CBM 119 Extra"]
[Source "ChessBase"]
[SourceDate "2007.09.04"]
[SourceVersion "1"]
[SourceVersionDate "2007.09.04"]
[SourceQuality "1"]

1. e4 c5 2. Nf3 d6 3. d4 cxd4 4. Nxd4 Nf6 5. Nc3 a6 6. Be3 e5 7. Nb3 Be6 8. Qd2 Be7 9. f4 Qc7 10. Be2 Nbd7 11. f5 Bc4 12. g4 h6 13. 0-0-0 b5 14. h4 b4 15. Nd5 Nxd5 16. exd5 a5 17. Kb1 Nf6 18. g5 Ne4 19. Qe1 Bxe2 20. Qxe2 Ng3 21. Qb5+ Qd7 22. Qxd7+ Kxd7 23. Rhg1 Nxf5 24. Bc1 a4 25. Nd2 hxg5 26. hxg5 Ne3 27. Rde1 Nxd5 28. Ne4 Rh2 29. Rgf1 Ke6 30. Ng3 g6 31. Ne4 Rc8 32. Nd2 Rg2 33. Nf3 Rc4 34. Bd2 Bd8 35. b3 axb3 36. axb3 Rcg4 37. Kc1 Bb6 38. Kd1 e4 39. Rh1 e3 40. Rh2 Kd7 41. Rh7 exd2 42. Rxf7+ Kc6 43. Nxd2 0-1

[Event "Vicente Lopez ITT"]
[Site "Vicente Lopez"]
[Date "2007.07.29"]
[Round "6"]
[White "Born, Carlos Rodrigo"]
[Black "Iermito, Sebastian"]
[Result "1/2-1/2"]
[WhiteElo "2202"]
[BlackElo "2319"]
[PlyCount "88"]
[EventDate "2007.07.23"]
[EventType "tourn"]
[EventRounds "11"]
[EventCountry "ARG"]
[EventCategory "3"]
[SourceTitle "CBM 119 Extra"]
[Source "ChessBase"]
[SourceDate "2007.09.04"]
[SourceVersion "1"]
[SourceVersionDate "2007.09.04"]
[SourceQuality "1"]

1. b4 Nf6 2. Bb2 g6 3. Nf3 Bg7 4. e3 0-0 5. c4 d6 6. Be2 e5 7. d4 e4 8. Nfd2 h5 9. h3 h4 10. Nc3 Re8 11. Qb3 c6 12. a4 Qe7 13. a5 Bf5 14. Na4 Nbd7 15. c5 Be6 16. Bc4 d5 17. Be2 a6 18. 0-0-0 Nh7 19. Rdg1 Ng5 20. Nb6 Rad8 21. Nxd7 Rxd7 22. Nb1 Rf8 23. Bc3 Bh6 24. Bd2 Nh7 25. Nc3 Kg7 26. Bf1 f5 27. Ne2 Ng5 28. Qd1 Bf7 29. Nf4 Kh7 30. Be2 Ne6 31. Nxe6 Bxe6 32. g3 Bg5 33. Rg2 Qf6 34. Rhg1 Rg7 35. Kb2 Rfg8 36. Kc3 Bh6 37. Bc1 g5 38. gxh4 gxh4 39. Rxg7+ Rxg7 40. Rxg7+ Bxg7 41. Qh1 f4 42. Qh2 f3 43. Bf1 Qg5 44. Bd2 Qf6 1/2-1/2

[Event "Villa Martelli ITT"]
[Site "Villa Martelli"]
[Date "2006.07.28"]
[Round "5"]
[White "Born, Carlos Rodrigo"]
[Black "Gattass, Allan Arriada"]
[Result "1/2-1/2"]
[WhiteElo "2132"]
[BlackElo "2197"]
[PlyCount "59"]
[EventDate "2006.07.24"]
[EventType "tourn"]
[EventRounds "11"]
[EventCountry "ARG"]
[EventCategory "2"]
[SourceTitle "CBM 113 Extra"]
[Source "ChessBase"]
[SourceDate "2006.09.14"]
[SourceVersion "1"]
[SourceVersionDate "2006.09.14"]
[SourceQuality "1"]

1. b3 e5 2. Bb2 Nc6 3. e3 d5 4. Nf3 e4 5. Nd4 Nxd4 6. Bxd4 Nf6 7. Be2 Bd6 8. d3 0-0 9. Nd2 exd3 10. cxd3 a5 11. Qc2 a4 12. h3 axb3 13. axb3 Rxa1+ 14. Bxa1 Qe7 15. 0-0 Bd7 16. Bc3 Ra8 17. Ra1 Rxa1+ 18. Bxa1 Be5 19. Bxe5 Qxe5 20. d4 Qd6 21. Bf3 Qc6 22. Qb2 Bf5 23. Nc4 Qa6 24. Ne5 h6 25. Be2 Qa5 26. b4 Qa4 27. Qc3 Qc2 28. Qxc2 Bxc2 29. f3 Kf8 30. Kf2 1/2-1/2